000
00286nam a2200109Ia 4500
008
200302s9999 xx 000 0 und d
100
_a
Borough Johnson
245
_a
the Technique Of Pencil Drawing
260
_b
Dover Publication Inc mineola /New York
260
_c
2008
300
_a
80 P.,
999
_c
4320
_d
4320